|
|
|
|
| LEADER |
00000nab a2200000 a 4500 |
| 001 |
vtls010713613 |
| 003 |
SK-MaSNL |
| 005 |
20260304194801.0 |
| 008 |
250709s1999 xo |||||||||||||||||slo| |
| 035 |
|
|
|a (urnnbn)urn:nbn:sk:snk:ar-a04ayt
|
| 035 |
|
|
|a (uuid)cf6a6174-c30c-4b52-bde3-60347b220226
|
| 035 |
|
|
|a urn:nbn:sk:snk-ab3g9n
|
| 040 |
|
|
|a SNKBUCL
|b slo
|c SNKBUCL
|e AACR2
|
| 041 |
0 |
|
|a eng
|
| 044 |
|
|
|a xo
|c SK
|
| 100 |
1 |
|
|a Kačmarčík, J.
|4 aut
|9 1529280
|
| 245 |
1 |
0 |
|a UPPER CRITICAL FIELD IN THE MISFIT LAYER COMPOUND (BiSe)1.10(NbSe2)
|c J. Kačmarčík, P. Samuely, P. Szabó, K. Flachbart, A. Nader, A. Briggs, Y. Gotoh
|
| 700 |
1 |
|
|a Samuely, Peter,
|d 1956-
|4 aut
|9 148642
|
| 700 |
1 |
|
|a Szabó, P.
|4 aut
|9 811188
|
| 700 |
1 |
|
|a Flachbart, K.
|4 aut
|9 774815
|
| 700 |
1 |
|
|a Nader, A.
|4 aut
|9 1529281
|
| 700 |
1 |
|
|a Briggs, A.
|4 aut
|9 1529282
|
| 700 |
1 |
|
|a Gotoh, Y.
|4 aut
|9 1529283
|
| 773 |
0 |
|
|t Acta Physica Slovaca : fyzikálny časopis
|g Roč. 49, č. 3 (1999), s. 477-480
|
| 850 |
|
|
|a Slovenská národná knižnica
|
| 852 |
|
|
|a Slovenská národná knižnica
|
| 958 |
|
|
|a article1
|
| 958 |
|
|
|a OND
|
| 958 |
|
|
|a EUIPO
|
| 999 |
|
|
|c 3076749
|d 3078679
|